000
00262nam a2200085 4500
999
_c
524712
_d
524712
082
_a
G1x54 PA
245
_a
Parliamentary museum: bringing parliament closer to people, a high tech experiment o
_c
260
_a
New Delhi
_b
Lok Sabha Secretariat
_c
2007
300
_a
51p.